PL Meilleur joueur - Statistiques

Statistiques générales
  • Ce quiz a été pris 148 fois
  • Le résultat moyen est 7 sur 22
Statistiques - réponses
Année Meilleur Joueur % Correct
2007 Cristiano Ronaldo
84%
2008 Cristiano Ronaldo
84%
2017 N'Golo Kante
64%
2003 Thierry Henry
60%
2004 Thierry Henry
60%
2006 Steven Gerrard
49%
2020 Kevin De Bruyne
42%
2021 Kevin De Bruyne
42%
2019 Virgil Van Dijk
40%
2018 Mohamed Salah
38%
2015 Eden Hazard
30%
2010 Wayne Rooney
28%
2016 Riyad Mahrez
25%
2009 Ryan Giggs
15%
2014 Luis Suarez
14%
2012 Robin Van Persie
12%
2002 Ruud Van Nistelrooy
6%
2005 John Terry
4%
2011 Gareth Bale
2%
2013 Gareth Bale
2%
2000 Roy Keane
2%
2001 Teddy Sheringham
1%
Aucun quiz correspondant
Distribution des résultats
% des personnes avec chaque résultat
Percentile par nombre de réponses
Votre historique - résultats
Vous n’avez pas pris ce quiz